What now? (Registro nro. 232671)
[ vista simple ]
| 000 -CABECERA | |
|---|---|
| campo de control de longitud fija | 00834naa a22002417a 4500 |
| 001 - NÚMERO DE CONTROL | |
| campo de control | 232671 |
| 003 - IDENTIFICADOR DEL NÚMERO DE CONTROL | |
| campo de control | ES-MaBCM |
| 005 - FECHA Y HORA DE LA ÚLTIMA TRANSACCIÓN | |
| campo de control | 20260312124928.0 |
| 008 - CÓDIGOS DE INFORMACIÓN DE LONGITUD FIJA | |
| campo de control de longitud fija | 260312s2021 us ||||| |||| 00| 0 eng d |
| 040 ## - FUENTE DE LA CATALOGACIÓN | |
| Centro transcriptor | ES-MaBCM |
| 245 00 - MENCIÓN DE TÍTULO | |
| Título | What now? |
| 500 ## - NOTA GENERAL | |
| Nota general | Número monográfico |
| 600 10 - PUNTO DE ACCESO ADICIONAL DE MATERIA--NOMBRE DE PERSONA | |
| Nombre de persona | Trump, Donald |
| Fechas asociadas al nombre | 1946- |
| 9 (RLIN) | 120729 |
| 600 10 - PUNTO DE ACCESO ADICIONAL DE MATERIA--NOMBRE DE PERSONA | |
| Nombre de persona | Biden, Joseph R. |
| 9 (RLIN) | 124997 |
| 650 #7 - PUNTO DE ACCESO ADICIONAL DE MATERIA--TÉRMINO DE MATERIA | |
| Término de materia o nombre geográfico como elemento inicial | Relación internacional |
| 9 (RLIN) | 60079 |
| 650 #0 - PUNTO DE ACCESO ADICIONAL DE MATERIA--TÉRMINO DE MATERIA | |
| Término de materia o nombre geográfico como elemento inicial | Política de defensa |
| 9 (RLIN) | 119179 |
| 650 #7 - PUNTO DE ACCESO ADICIONAL DE MATERIA--TÉRMINO DE MATERIA | |
| Término de materia o nombre geográfico como elemento inicial | Situación política |
| 9 (RLIN) | 60283 |
| 650 #7 - PUNTO DE ACCESO ADICIONAL DE MATERIA--TÉRMINO DE MATERIA | |
| Término de materia o nombre geográfico como elemento inicial | Política comercial |
| 9 (RLIN) | 59816 |
| 651 #4 - PUNTO DE ACCESO ADICIONAL DE MATERIA--NOMBRE GEOGRÁFICO | |
| Nombre geográfico | Estados Unidos |
| 9 (RLIN) | 115376 |
| 773 ## - ENLACE AL DOCUMENTO FUENTE | |
| Lugar editor y fecha de publicación | Washington, DC |
| Parte(s) relacionada(s) | n. 171 (Jan.-Feb. 2022), 96 p. - Loc. S.553 |
| Título | The National Interest |
| Número de control del registro relacionado | 201081 |
| 856 ## - LOCALIZACIÓN Y ACCESO ELECTRÓNICOS | |
| Identificador Uniforme del Recurso (URI) | https://mpr.koha.es/cgi-bin/koha/opac-retrieve-file.pl?id=6c4818ba867d573a1bd6fca4aad3da72 |
| Nota pública | Acceso al sumario |
| 942 ## - ELEMENTOS DE PUNTO DE ACCESO ADICIONAL (KOHA) | |
| Fuente del sistema de clasificación o colocación | Universal Decimal Classification |
| Tipo de ítem Koha | Artículos de revistas |
| Estado de retiro | Estado de pérdida | Fuente del sistema de clasificación o colocación | Estado dañado | No para préstamo | Localización permanente | Ubicación/localización actual | Ubicación en estantería | Fecha de adquisición | Total de préstamos | Fecha visto por última vez | Precio válido a partir de | Tipo de ítem Koha |
|---|---|---|---|---|---|---|---|---|---|---|---|---|
| Universal Decimal Classification | Biblioteca Central del Ministerio de la Presidencia | Biblioteca Central del Ministerio de la Presidencia | Sala | 12/03/2026 | 12/03/2026 | 12/03/2026 | Artículos de revistas |
